[Event "Festival Francophone Des Echecs"]
[Site "Arvier ITA"]
[Date "2009.09.28"]
[Round "2.3"]
[White "Hebert, Jean"]
[Black "Saint Amand, Paul"]
[Result "1-0"]
[WhiteElo "2416"]
[BlackElo "2131"]
[PlyCount "75"]
[GameId "2129405083848189"]
[EventDate "2009.09.27"]
[EventType "swiss"]
[EventRounds "9"]
[EventCountry "ITA"]

1. d4 Nf6 2. Nf3 e6 3. c4 c5 4. d5 exd5 5. cxd5 d6 6. Nc3 g6 7. h3 Bg7 8. e4 O-O 9. Bd3 Re8 10. O-O a6 11. a4 Qc7 12. Re1 Nbd7 13. Bf4 Nh5 14. Bh2 Ne5 15. Be2 Nxf3+ 16. Bxf3 Nf6 17. e5 dxe5 18. d6 Qd8 19. Bxe5 Ra7 20. a5 Be6 21. Qd2 Nd7 22. Bxg7 Kxg7 23. Ne4 f6 24. Qc3 b6 25. Ng5 Nf8 26. Bc6 Bd7 27. Rxe8 Bxe8 28. Bxe8 Qxe8 29. axb6 Rd7 30. Re1 Qd8 31. Ne4 Ne6 32. Qc4 Nd4 33. Qxc5 Nb5 34. Qc6 Nd4 35. Qc5 Nb5 36. Qe3 Nxd6 37. Nc5 Nf5 38. Ne6+ 1-0

[Event "Festival Francophone Des Echecs"]
[Site "Arvier ITA"]
[Date "2009.09.28"]
[Round "3.1"]
[White "Jarraya, Zied"]
[Black "Hebert, Jean"]
[Result "0-1"]
[WhiteElo "2192"]
[BlackElo "2416"]
[PlyCount "44"]
[GameId "2129405083848199"]
[EventDate "2009.09.27"]
[EventType "swiss"]
[EventRounds "9"]
[EventCountry "ITA"]

1. e4 e6 2. d4 d5 3. Nc3 Bb4 4. e5 Ne7 5. Qg4 O-O 6. Bd3 f5 7. exf6 Rxf6 8. Bg5 Rf7 9. Qh5 g6 10. Qe2 c5 11. dxc5 Nbc6 12. Nf3 d4 13. a3 Ba5 14. O-O dxc3 15. Bxg6 cxb2 16. Rad1 Qf8 17. Bxf7+ Qxf7 18. Ne5 Nxe5 19. Qxe5 Ng6 20. Qe3 e5 21. h4 Bf5 22. Rd6 Qc4 0-1

[Event "Festival Francophone Des Echecs"]
[Site "Arvier ITA"]
[Date "2009.09.29"]
[Round "4.1"]
[White "Hebert, Jean"]
[Black "Hautot, Stephane"]
[Result "1/2-1/2"]
[WhiteElo "2416"]
[BlackElo "2420"]
[PlyCount "45"]
[GameId "2129405083848211"]
[EventDate "2009.09.27"]
[EventType "swiss"]
[EventRounds "9"]
[EventCountry "ITA"]

1. d4 d5 2. c4 c6 3. Nc3 Nf6 4. e3 e6 5. Nf3 Nbd7 6. Qc2 Bd6 7. Be2 O-O 8. O-O dxc4 9. Bxc4 b5 10. Bd3 Bb7 11. e4 e5 12. dxe5 Nxe5 13. Nxe5 Bxe5 14. h3 a6 15. Be3 Bd4 16. Bxd4 Qxd4 17. Ne2 Qd6 18. Rad1 Qe7 19. Nd4 c5 20. Nf5 Qc7 21. b3 Rfe8 22. f3 g6 23. Nh6+ 1/2-1/2

[Event "Festival Francophone Des Echecs"]
[Site "Arvier ITA"]
[Date "2009.09.30"]
[Round "5.1"]
[White "Wirig, Anthony"]
[Black "Hebert, Jean"]
[Result "1-0"]
[WhiteElo "2491"]
[BlackElo "2416"]
[PlyCount "81"]
[GameId "2129405083848223"]
[EventDate "2009.09.27"]
[EventType "swiss"]
[EventRounds "9"]
[EventCountry "ITA"]

1. c4 e5 2. Nc3 Nc6 3. Nf3 Nf6 4. g3 d5 5. cxd5 Nxd5 6. Bg2 Nde7 7. b4 Ng6 8. b5 Nd4 9. e3 Nxf3+ 10. Bxf3 Bd6 11. Qb3 O-O 12. O-O a6 13. a4 axb5 14. Nxb5 Be7 15. Nc3 c6 16. Rd1 Qa5 17. d4 exd4 18. exd4 Bb4 19. Bb2 Be6 20. d5 Ne5 21. Be2 cxd5 22. Nxd5 Nc6 23. Qf3 Rfd8 24. Nf6+ Kh8 25. Bb5 Be7 26. Nh5 Bf8 27. Nf4 Qb4 28. Nxe6 fxe6 29. Rxd8 Rxd8 30. Bc3 Qd6 31. Re1 Rc8 32. Rd1 Qe7 33. Qe4 Kg8 34. h4 g6 35. Re1 Nd8 36. Ba5 Bg7 37. Bb6 e5 38. Rd1 Nc6 39. Qd5+ Kh8 40. Qd7 Bf8 41. Qxc8 1-0

[Event "Festival Francophone Des Echecs"]
[Site "Arvier ITA"]
[Date "2009.09.30"]
[Round "6.3"]
[White "Hebert, Jean"]
[Black "Landenbergue, Claude"]
[Result "1-0"]
[WhiteElo "2416"]
[BlackElo "2403"]
[PlyCount "79"]
[GameId "2129405083848237"]
[EventDate "2009.09.27"]
[EventType "swiss"]
[EventRounds "9"]
[EventCountry "ITA"]

1. d4 Nf6 2. c4 e6 3. Nf3 d5 4. Nc3 Bb4 5. cxd5 exd5 6. Bg5 h6 7. Bxf6 Qxf6 8. e3 O-O 9. Qb3 Qd6 10. Bd3 Be6 11. O-O Bxc3 12. Qxc3 Nd7 13. Rfc1 Rac8 14. b4 a6 15. a4 c6 16. Rab1 Nf6 17. h3 Nd7 18. Rb2 Nb6 19. Qc5 Qd8 20. Qc2 Nc4 21. Bxc4 dxc4 22. a5 Bd5 23. Ne5 Qg5 24. f4 Qe7 25. Re1 Rfe8 26. e4 Bxe4 27. Rxe4 f6 28. Qxc4+ Qe6 29. Qxe6+ Rxe6 30. Rd2 Rd8 31. Ree2 fxe5 32. dxe5 Ree8 33. Kf2 Kf7 34. Ke3 Ke7 35. Rxd8 Rxd8 36. Rd2 Rc8 37. Ke4 b6 38. axb6 Rb8 39. Rd6 Rxb6 40. Kf5 1-0

[Event "Festival Francophone Des Echecs"]
[Site "Arvier ITA"]
[Date "2009.10.10"]
[Round "7.2"]
[White "Berend, Fred"]
[Black "Hebert, Jean"]
[Result "0-1"]
[WhiteElo "2371"]
[BlackElo "2416"]
[PlyCount "154"]
[GameId "2129405083848248"]
[EventDate "2009.09.27"]
[EventType "swiss"]
[EventRounds "9"]
[EventCountry "ITA"]

1. e4 e6 2. d4 d5 3. Nd2 Nf6 4. e5 Nfd7 5. Bd3 c5 6. c3 Nc6 7. Ne2 cxd4 8. cxd4 Nb6 9. O-O Bd7 10. Nf3 Nb4 11. Bb1 Bb5 12. Bg5 Be7 13. h4 h6 14. Bxe7 Qxe7 15. Re1 Bxe2 16. Qxe2 O-O-O 17. a3 Nc6 18. Bd3 Kb8 19. Qd2 Rc8 20. Rac1 Rc7 21. Rc3 Rhc8 22. Rec1 Nd8 23. h5 Rxc3 24. Rxc3 Rxc3 25. Qxc3 Nc8 26. Qd2 Nb6 27. Kf1 Nc6 28. Qc3 Nd8 29. g3 a6 30. Kg2 Nd7 31. a4 Nb6 32. b3 Qa3 33. Ne1 Na8 34. Nc2 Qe7 35. f4 Nc7 36. Kf3 Nc6 37. b4 Na7 38. Ne1 Qe8 39. Bc2 Qc6 40. Qb2 f5 41. Nd3 Qe8 42. g4 g6 43. Nf2 Nc6 44. Ke3 Ne7 45. hxg6 Qxg6 46. b5 axb5 47. axb5 b6 48. Qb4 Qe8 49. Bd3 fxg4 50. Nxg4 Nc8 51. Nf6 Qf7 52. Qb1 Qg7 53. Kf3 Qe7 54. Ke3 Qg7 55. Qf1 Qg3+ 56. Kd2 Qh2+ 57. Ke3 Qb2 58. Qe2 Qc3 59. Qd2 Qb3 60. Qc1 Ne7 61. Kd2 Nxb5 62. Qa1 Nc6 63. Ng4 Qb4+ 64. Ke3 h5 65. Nh2 Qb3 66. Ke2 Nc7 67. Nf3 Nb4 68. Bg6 Nb5 69. Qg1 Nc3+ 70. Kf1 Qb2 71. Qf2 Qc1+ 72. Ne1 Ne4 73. Bxe4 dxe4 74. f5 Nd3 75. Qg3 Nxe1 76. Qxe1 Qxe1+ 77. Kxe1 exf5 0-1

[Event "Festival Francophone Des Echecs"]
[Site "Arvier ITA"]
[Date "2009.10.02"]
[Round "8.1"]
[White "Hebert, Jean"]
[Black "Sanchez, Joseph"]
[Result "1/2-1/2"]
[WhiteElo "2416"]
[BlackElo "2463"]
[PlyCount "46"]
[GameId "2129405083848259"]
[EventDate "2009.09.27"]
[EventType "swiss"]
[EventRounds "9"]
[EventCountry "ITA"]

1. d4 d5 2. c4 c6 3. Nc3 Nf6 4. e3 a6 5. Qc2 g6 6. Bd3 Bg7 7. Nf3 O-O 8. O-O Bg4 9. Ne5 Be6 10. Bd2 c5 11. dxc5 Qc7 12. cxd5 Nxd5 13. Nxd5 Bxd5 14. Nf3 Bxf3 15. gxf3 Rd8 16. Be4 Nd7 17. c6 bxc6 18. Qxc6 Qxc6 19. Bxc6 Ra7 20. Ba4 Rc8 21. Bxd7 Rxd7 22. Rac1 Rxc1 23. Rxc1 Bxb2 1/2-1/2

[Event "Festival Francophone Des Echecs"]
[Site "Arvier ITA"]
[Date "2009.10.03"]
[Round "9.1"]
[White "Arnaudov, Petar G"]
[Black "Hebert, Jean"]
[Result "1/2-1/2"]
[WhiteElo "2408"]
[BlackElo "2416"]
[PlyCount "20"]
[GameId "2129405083848271"]
[EventDate "2009.09.27"]
[EventType "swiss"]
[EventRounds "9"]
[EventCountry "ITA"]

1. Nf3 Nf6 2. c4 c5 3. Nc3 Nc6 4. d4 cxd4 5. Nxd4 e6 6. a3 d6 7. e4 Be7 8. Be2 Bd7 9. Nb3 a5 10. Nd2 Ne5 1/2-1/2

[Event "CCA/ICC"]
[Site "Stratton Mt USA"]
[Date "2004.06.13"]
[Round "10"]
[White "Shabalov, Alexander"]
[Black "Hebert, Jean"]
[Result "1-0"]
[WhiteElo "2624"]
[BlackElo "2412"]
[PlyCount "48"]
[GameId "2129405127136534"]
[EventDate "2004.06.08"]
[EventType "swiss"]
[EventRounds "10"]
[EventCountry "USA"]
[SourceTitle "The Week in Chess 502"]
[Source "Mark Crowther"]
[SourceDate "2004.06.21"]
[SourceVersion "1"]
[SourceVersionDate "2004.06.21"]
[SourceQuality "2"]

1. e4 g6 2. d4 Bg7 3. c4 d6 4. Nc3 e5 5. Be3 Nc6 6. Nge2 exd4 7. Nxd4 Nge7 8. g3 O-O 9. Bg2 Ne5 10. b3 Bg4 11. Qc2 c5 12. Nde2 Nf3+ 13. Bxf3 Bxf3 14. Rg1 Nc6 15. O-O-O Qa5 16. Kb1 Nb4 17. Qd2 Rfe8 18. Rc1 Rxe4 19. Rge1 Ree8 20. h3 a6 21. a4 Qb6 22. Ng1 Bc6 23. Qd1 Nd3 24. a5 Qb4 1-0

[Event "Olympiad"]
[Site "Bled SLO"]
[Date "2002.11.01"]
[Round "7.4"]
[White "Santos, Flores Alberto"]
[Black "Hebert, Jean"]
[Result "1-0"]
[WhiteElo "2364"]
[BlackElo "2425"]
[PlyCount "105"]
[GameId "2129405139146259"]
[EventDate "2002.10.26"]
[EventType "team"]
[EventRounds "14"]
[EventCountry "SLO"]
[SourceTitle "EXT 2003"]
[Source "ChessBase"]
[SourceDate "2002.11.25"]
[SourceVersion "1"]
[SourceVersionDate "2002.11.25"]
[SourceQuality "1"]
[WhiteTeam "ECU"]
[BlackTeam "CAN"]
[WhiteTeamCountry "ECU"]
[BlackTeamCountry "CAN"]

1. e4 e6 2. d4 d5 3. e5 c5 4. c3 Nc6 5. Nf3 Bd7 6. Be2 f6 7. O-O fxe5 8. Nxe5 Nxe5 9. dxe5 Qc7 10. c4 d4 11. Bf4 Ne7 12. Nd2 Bc6 13. Bf3 Ng6 14. Bg3 O-O-O 15. Re1 Be7 16. Bxc6 Qxc6 17. Ne4 h5 18. h3 Rdf8 19. b4 Nf4 20. bxc5 Bxc5 21. Rb1 h4 22. Bh2 d3 23. Bxf4 Rxf4 24. Qxd3 Rd8 25. Qc2 Rdf8 26. Re2 Rxe4 27. Qxe4 Bxf2+ 28. Kh1 Qxe4 29. Rxe4 Bg3 30. Rg4 Rf7 31. Rg6 Re7 32. Rxg3 hxg3 33. Rb3 Kd7 34. Rxb7+ Ke8 35. Rxe7+ Kxe7 36. Kg1 Kd7 37. Kf1 Kc6 38. Ke2 Kc5 39. Kd3 Kc6 40. Kd4 Kb6 41. a4 a5 42. h4 g6 43. Ke4 Kc5 44. Kf4 Kb4 45. c5 Kxc5 46. Kg5 Kd5 47. Kxg6 Kxe5 48. h5 Kf4 49. h6 Ke3 50. h7 Kf2 51. h8=Q Kxg2 52. Kg5 Kf1 53. Kg4 1-0

[Event "World op"]
[Site "Philadelphia USA"]
[Date "2001.07.04"]
[Round "1"]
[White "Hebert, Jean"]
[Black "Samir, Vyas"]
[Result "1-0"]
[WhiteElo "2427"]
[BlackElo "2115"]
[PlyCount "67"]
[GameId "2129405148878772"]
[EventDate "2001.06.30"]
[EventType "swiss"]
[EventRounds "9"]
[EventCountry "USA"]
[SourceTitle "The Week in Chess 349"]
[Source "Mark Crowther"]
[SourceDate "2001.07.16"]
[SourceVersion "1"]
[SourceVersionDate "2001.07.16"]
[SourceQuality "2"]

1. Nf3 Nf6 2. c4 c5 3. g3 g6 4. Bg2 Bg7 5. Nc3 Nc6 6. d4 cxd4 7. Nxd4 O-O 8. Nc2 d6 9. O-O Bg4 10. Bg5 Qc8 11. Rc1 Ne5 12. Ne3 Nxc4 13. Ned5 Qd7 14. Bxf6 exf6 15. Ne4 Nxb2 16. Nexf6+ Kh8 17. Qb3 Qf5 18. f3 Bh3 19. Bxh3 Qxh3 20. Qxb2 Qf5 21. e4 Qe6 22. Rc7 Rac8 23. Re7 Bxf6 24. Qxf6+ Qxf6 25. Nxf6 Rc2 26. Rf2 Rc1+ 27. Kg2 Kg7 28. Ne8+ Kg8 29. Nxd6 Rd8 30. Nxf7 Rdd1 31. Nh6+ Kf8 32. Rxb7 Rg1+ 33. Kh3 Rc5 34. Kg4 1-0

[Event "World op"]
[Site "Philadelphia USA"]
[Date "2001.07.05"]
[Round "2"]
[White "Privman, Boris"]
[Black "Hebert, Jean"]
[Result "0-1"]
[WhiteElo "2234"]
[BlackElo "2427"]
[PlyCount "50"]
[GameId "2129405148878836"]
[EventDate "2001.06.30"]
[EventType "swiss"]
[EventRounds "9"]
[EventCountry "USA"]
[SourceTitle "The Week in Chess 349"]
[Source "Mark Crowther"]
[SourceDate "2001.07.16"]
[SourceVersion "1"]
[SourceVersionDate "2001.07.16"]
[SourceQuality "2"]

1. d4 Nf6 2. c4 e6 3. Nc3 Bb4 4. Qc2 O-O 5. a3 Bxc3+ 6. Qxc3 b6 7. Bg5 Bb7 8. f3 d5 9. e3 Nbd7 10. Bd3 h6 11. Bh4 c5 12. Ne2 cxd4 13. exd4 dxc4 14. Bxc4 Ne4 15. Bxd8 Nxc3 16. Be7 Rfc8 17. Bxe6 Nxe2 18. Bxd7 Rc2 19. Rd1 Nf4 20. O-O Rxg2+ 21. Kh1 Rxb2 22. Bf5 Re8 23. Bd6 g5 24. Bxf4 gxf4 25. Be4 Rxe4 0-1

[Event "World op"]
[Site "Philadelphia USA"]
[Date "2001.07.05"]
[Round "3"]
[White "Hebert, Jean"]
[Black "Ehlvest, Jaan"]
[Result "1/2-1/2"]
[WhiteElo "2427"]
[BlackElo "2630"]
[PlyCount "92"]
[GameId "2129405148878859"]
[EventDate "2001.06.30"]
[EventType "swiss"]
[EventRounds "9"]
[EventCountry "USA"]
[SourceTitle "The Week in Chess 349"]
[Source "Mark Crowther"]
[SourceDate "2001.07.16"]
[SourceVersion "1"]
[SourceVersionDate "2001.07.16"]
[SourceQuality "2"]

1. Nf3 d5 2. c4 c6 3. e3 Nf6 4. Nc3 a6 5. d4 b5 6. cxd5 cxd5 7. Bd3 e6 8. Ne5 Bd6 9. f4 Bb7 10. Qf3 Nc6 11. O-O Rc8 12. Bd2 O-O 13. Be1 b4 14. Na4 Ne4 15. Bxe4 dxe4 16. Qe2 Nxe5 17. fxe5 Be7 18. Nc5 Bxc5 19. dxc5 a5 20. a3 bxa3 21. b4 Qd5 22. Rxa3 axb4 23. Bxb4 Bc6 24. Qb2 Rb8 25. Qc3 Rb5 26. Ra5 Rxa5 27. Bxa5 Rb8 28. Bb4 h6 29. h3 Qd7 30. Rc1 Qb7 31. Ba5 Qb5 32. Bb6 Rb7 33. Rd1 Bd5 34. Kh2 Kh7 35. Rd2 Qc6 36. Qa5 Rb8 37. Qa7 Rb7 38. Qa1 Qe8 39. Rd4 Rb8 40. Ra4 Bc6 41. Ra7 Ra8 42. Rxa8 Bxa8 43. Bc7 Bd5 44. Qf1 Qe7 45. Bd6 Qb7 46. Qf2 Kg8 1/2-1/2

[Event "World op"]
[Site "Philadelphia USA"]
[Date "2001.07.06"]
[Round "4"]
[White "Vovsha, Eli"]
[Black "Hebert, Jean"]
[Result "1/2-1/2"]
[WhiteElo "2371"]
[BlackElo "2427"]
[PlyCount "86"]
[GameId "2129405148878914"]
[EventDate "2001.06.30"]
[EventType "swiss"]
[EventRounds "9"]
[EventCountry "USA"]
[SourceTitle "The Week in Chess 349"]
[Source "Mark Crowther"]
[SourceDate "2001.07.16"]
[SourceVersion "1"]
[SourceVersionDate "2001.07.16"]
[SourceQuality "2"]

1. e4 e6 2. d4 d5 3. Nc3 Bb4 4. e5 c5 5. a3 Bxc3+ 6. bxc3 Ne7 7. h4 Qa5 8. Bd2 Nbc6 9. Nf3 Bd7 10. h5 h6 11. dxc5 Qxc5 12. Bd3 Na5 13. Rh4 Nc4 14. Rg4 Nxd2 15. Qxd2 Rc8 16. Rxg7 Qxc3 17. Qxc3 Rxc3 18. Kd2 Rc8 19. Rb1 b6 20. Rb4 Kf8 21. Rgg4 Rg8 22. Rxg8+ Kxg8 23. g4 Kg7 24. g5 hxg5 25. Rg4 f5 26. Rxg5+ Kh6 27. Be2 Rc5 28. Rg1 Rc8 29. Ng5 Rg8 30. Nf7+ Kh7 31. Ng5+ Kh6 32. f4 Rg7 33. Rg3 Nc6 34. Re3 Nd4 35. Bd1 Re7 36. Rd3 Nc6 37. Re3 Na5 38. Be2 Nb7 39. Kc3 Ba4 40. Kd4 Nc5 41. Rc3 Rc7 42. Bf3 Be8 43. Be2 Ba4 1/2-1/2

[Event "World op"]
[Site "Philadelphia USA"]
[Date "2001.07.07"]
[Round "6"]
[White "Nagle, Sean"]
[Black "Hebert, Jean"]
[Result "1/2-1/2"]
[WhiteElo "2396"]
[BlackElo "2427"]
[PlyCount "35"]
[GameId "2129405148878965"]
[EventDate "2001.06.30"]
[EventType "swiss"]
[EventRounds "9"]
[EventCountry "USA"]
[SourceTitle "The Week in Chess 351"]
[Source "Mark Crowther"]
[SourceDate "2001.07.30"]
[SourceVersion "1"]
[SourceVersionDate "2001.07.30"]
[SourceQuality "2"]

1. d4 Nf6 2. c4 e6 3. Nc3 Bb4 4. Qc2 O-O 5. a3 Bxc3+ 6. Qxc3 b5 7. cxb5 c6 8. Bg5 cxb5 9. e3 Bb7 10. f3 a6 11. Bd3 Nc6 12. Ne2 Rc8 13. Qd2 h6 14. Bxf6 Qxf6 15. O-O Qd8 16. Be4 Qb6 17. Bxc6 Bxc6 18. Rfc1 1/2-1/2

[Event "World op"]
[Site "Philadelphia USA"]
[Date "2001.07.07"]
[Round "7"]
[White "Hebert, Jean"]
[Black "Filatov, Leonid"]
[Result "1/2-1/2"]
[WhiteElo "2427"]
[BlackElo "2307"]
[PlyCount "136"]
[GameId "2129405148887182"]
[EventDate "2001.06.30"]
[EventType "swiss"]
[EventRounds "9"]
[EventCountry "USA"]
[SourceTitle "The Week in Chess 351"]
[Source "Mark Crowther"]
[SourceDate "2001.07.30"]
[SourceVersion "1"]
[SourceVersionDate "2001.07.30"]
[SourceQuality "2"]

1. c4 e6 2. Nf3 Nf6 3. Nc3 d5 4. cxd5 exd5 5. d4 c6 6. Qc2 g6 7. Bg5 Be7 8. e3 Bf5 9. Bd3 Bxd3 10. Qxd3 O-O 11. Bxf6 Bxf6 12. h4 Nd7 13. h5 Re8 14. O-O-O Nf8 15. Kb1 Qe7 16. Rh3 Rad8 17. Nh2 Bg7 18. f4 c5 19. hxg6 fxg6 20. dxc5 Bxc3 21. Qxc3 Qe4+ 22. Qc2 Qxc2+ 23. Kxc2 Re4 24. Ng4 Rc4+ 25. Kb1 Rxc5 26. e4 Kg7 27. Ra3 a5 28. Re3 b5 29. Red3 Ne6 30. f5 gxf5 31. exf5 Ng5 32. Ne3 Ne4 33. Rxd5 Rcxd5 34. Rxd5 Rxd5 35. Nxd5 Ng3 36. f6+ Kf7 37. Kc2 Ke6 38. Kd3 Nf5 39. Ke4 Nd6+ 40. Kd4 Nf7 41. Nc7+ Kxf6 42. Nxb5 Kf5 43. Ke3 Kg4 44. Ke2 Kg3 45. Kf1 Ne5 46. Nd4 Kf4 47. Nc2 Nd3 48. b3 Nb4 49. Na3 Nxa2 50. Nc4 Kg3 51. Nxa5 Nb4 52. Nc4 Nc2 53. Kg1 h5 54. Nd2 h4 55. Nf1+ Kf4 56. Kh2 Ke4 57. Kh3 Ne1 58. Nd2+ Ke3 59. b4 Kxd2 60. b5 Nd3 61. Kxh4 Ke3 62. b6 Nc5 63. g4 Kf4 64. Kh5 Ke5 65. Kg6 Kd6 66. Kf5 Nd7 67. b7 Kc7 68. g5 Nf8 1/2-1/2

[Event "World op"]
[Site "Philadelphia USA"]
[Date "2001.07.08"]
[Round "8"]
[White "Figler, Ilya"]
[Black "Hebert, Jean"]
[Result "1/2-1/2"]
[WhiteElo "2394"]
[BlackElo "2427"]
[PlyCount "67"]
[GameId "2129405148887212"]
[EventDate "2001.06.30"]
[EventType "swiss"]
[EventRounds "9"]
[EventCountry "USA"]
[SourceTitle "The Week in Chess 351"]
[Source "Mark Crowther"]
[SourceDate "2001.07.30"]
[SourceVersion "1"]
[SourceVersionDate "2001.07.30"]
[SourceQuality "2"]

1. d4 Nf6 2. c4 e6 3. Nc3 c5 4. d5 exd5 5. cxd5 g6 6. Nf3 d6 7. Nd2 Nbd7 8. e4 Bg7 9. Nc4 Nb6 10. Ne3 Qe7 11. Bd3 h5 12. O-O a6 13. h3 h4 14. f4 Nh5 15. a4 Rb8 16. a5 Nd7 17. Nc4 b5 18. axb6 Nxb6 19. Na5 Bd7 20. Nc6 Bxc6 21. dxc6 Bd4+ 22. Kh2 g5 23. Rxa6 gxf4 24. Qg4 Be5 25. Rxb6 f3+ 26. Kg1 Bd4+ 27. Rf2 Rxb6 28. Nd5 Nf6 29. Qc8+ Qd8 30. Nxb6 Rg8 31. Qb7 Rxg2+ 32. Kh1 Bxf2 33. c7 Rg1+ 34. Kh2 1/2-1/2

[Event "World op"]
[Site "Philadelphia USA"]
[Date "2001.07.08"]
[Round "9"]
[White "Hebert, Jean"]
[Black "Markzon, Gregory"]
[Result "0-1"]
[WhiteElo "2427"]
[BlackElo "2254"]
[PlyCount "98"]
[GameId "2129405148887247"]
[EventDate "2001.06.30"]
[EventType "swiss"]
[EventRounds "9"]
[EventCountry "USA"]
[SourceTitle "The Week in Chess 351"]
[Source "Mark Crowther"]
[SourceDate "2001.07.30"]
[SourceVersion "1"]
[SourceVersionDate "2001.07.30"]
[SourceQuality "2"]

1. Nf3 Nf6 2. c4 g6 3. Nc3 Bg7 4. e4 d6 5. d4 O-O 6. Be2 e5 7. Be3 Na6 8. d5 Ng4 9. Bg5 f6 10. Bh4 g5 11. Bg3 Nh6 12. Qd2 g4 13. Nh4 f5 14. exf5 Nxf5 15. Nxf5 Bxf5 16. Bd3 e4 17. Be2 Qf6 18. Bf4 Nc5 19. Bg5 Qg6 20. Be3 a6 21. O-O Nd7 22. Bf4 Rae8 23. Rfe1 h5 24. Kh1 h4 25. Qe3 Ne5 26. Qd2 Rf7 27. Nd1 Bd7 28. g3 Ref8 29. Be3 hxg3 30. fxg3 b5 31. c5 Nd3 32. Bxd3 exd3 33. Nf2 Bf5 34. Rg1 dxc5 35. Bxc5 Re8 36. d6 cxd6 37. Be3 Rc8 38. Rac1 Rc2 39. Rxc2 dxc2 40. b3 Kh7 41. Bf4 Bb2 42. Qd5 Rc7 43. Rc1 Bxc1 44. Bxc1 Qe6 45. Qd2 Rc5 46. h3 Rd5 47. Qg5 Rd1+ 48. Kh2 Rxc1 49. Qxc1 Qh6 0-1

[Event "Chesswise International"]
[Site "Stratton Mountain USA"]
[Date "2000.07.10"]
[Round "1"]
[White "Hebert, Jean"]
[Black "Wojtkiewicz, Aleksander"]
[Result "1/2-1/2"]
[WhiteElo "2428"]
[BlackElo "2581"]
[PlyCount "81"]
[GameId "2129405155200919"]
[EventDate "2000.07.10"]
[EventType "swiss"]
[EventRounds "9"]
[EventCountry "USA"]
[SourceTitle "The Week in Chess 298"]
[Source "Mark Crowther"]
[SourceDate "2000.07.24"]
[SourceVersion "1"]
[SourceVersionDate "2000.07.24"]
[SourceQuality "2"]

1. Nf3 c5 2. c4 g6 3. e4 Bg7 4. d4 Qb6 5. Nc3 cxd4 6. Nd5 Qa5+ 7. b4 Qd8 8. Nxd4 e6 9. Nc3 Ne7 10. Be3 Nbc6 11. b5 Na5 12. Be2 b6 13. Rc1 d6 14. O-O O-O 15. Qd2 Qc7 16. Nb3 Nb7 17. Rfd1 Bd7 18. Bf4 Rac8 19. Na4 e5 20. Bg5 f6 21. Be3 Be6 22. Nc3 Kh8 23. Nd5 Qd7 24. a4 Bxd5 25. cxd5 Rxc1 26. Rxc1 Nc5 27. Qb4 f5 28. f3 Ng8 29. Rd1 Bh6 30. Bxh6 Nxh6 31. Nxc5 dxc5 32. Qd2 Kg7 33. d6 fxe4 34. fxe4 Qe6 35. d7 Rd8 36. Qc3 Rxd7 37. Rxd7+ Qxd7 38. Qxe5+ Kf8 39. Qb8+ Kg7 40. Qe5+ Kf8 41. Qb8+ 1/2-1/2

[Event "Chesswise International"]
[Site "Stratton Mountain USA"]
[Date "2000.07.12"]
[Round "3"]
[White "Hebert, Jean"]
[Black "Atalik, Suat"]
[Result "0-1"]
[WhiteElo "2428"]
[BlackElo "2549"]
[PlyCount "104"]
[GameId "2129405155200929"]
[EventDate "2000.07.10"]
[EventType "swiss"]
[EventRounds "9"]
[EventCountry "USA"]
[SourceTitle "The Week in Chess 298"]
[Source "Mark Crowther"]
[SourceDate "2000.07.24"]
[SourceVersion "1"]
[SourceVersionDate "2000.07.24"]
[SourceQuality "2"]

1. c4 e5 2. Nf3 e4 3. Nd4 Nc6 4. Nc2 d5 5. Nc3 dxc4 6. Nxe4 Nf6 7. Nc3 Bc5 8. d3 cxd3 9. Qxd3 Qe7 10. Be3 Be6 11. Bxc5 Qxc5 12. Qb5 Qxb5 13. Nxb5 O-O-O 14. e3 Rhe8 15. Nc3 Bf5 16. Rc1 Ng4 17. Bb5 Nxf2 18. O-O Bxc2 19. Rxc2 Ng4 20. Rxf7 Nxe3 21. Rcf2 Rd7 22. Rxd7 Kxd7 23. Rd2+ Kc8 24. Re2 Re5 25. Bxc6 bxc6 26. h3 Nc4 27. Rf2 Kd7 28. b3 Nd6 29. Rf4 Rc5 30. Rf3 Ke6 31. Rd3 a5 32. Re3+ Re5 33. Rf3 c5 34. Rf4 g5 35. Rf8 h5 36. Rh8 h4 37. Rh7 Nf7 38. Rg7 Re3 39. Na4 Kf6 40. Rg8 Re1+ 41. Kf2 Rc1 42. Ra8 Rc2+ 43. Kf1 Nd6 44. Rxa5 Ne4 45. Ra7 Rf2+ 46. Ke1 Rxa2 47. Rxc7 Rxg2 48. Rc6+ Ke5 49. Nxc5 Kd5 50. Kf1 Rf2+ 51. Kg1 Kxc6 52. Nxe4 Rf5 0-1

[Event "Chesswise International"]
[Site "Stratton Mountain USA"]
[Date "2000.07.13"]
[Round "6"]
[White "Hebert, Jean"]
[Black "Sadvakasov, Darmen"]
[Result "0-1"]
[WhiteElo "2428"]
[BlackElo "2509"]
[PlyCount "97"]
[GameId "2129405155200944"]
[EventDate "2000.07.10"]
[EventType "swiss"]
[EventRounds "9"]
[EventCountry "USA"]
[SourceTitle "The Week in Chess 298"]
[Source "Mark Crowther"]
[SourceDate "2000.07.24"]
[SourceVersion "1"]
[SourceVersionDate "2000.07.24"]
[SourceQuality "2"]

1. d4 Nf6 2. c4 e6 3. Nc3 Bb4 4. Bg5 h6 5. Bh4 c5 6. d5 d6 7. e3 Bxc3+ 8. bxc3 e5 9. Bd3 e4 10. Bc2 Nbd7 11. f4 exf3 12. Nxf3 Qe7 13. O-O Kd8 14. e4 Kc7 15. Qd3 g5 16. Bg3 Nh5 17. e5 dxe5 18. Nxe5 Nxg3 19. Nxf7 Ne2+ 20. Kh1 Kb6 21. Rab1+ Ka6 22. Ba4 Nf4 23. Rxf4 gxf4 24. Bb5+ Ka5 25. Nxh8 Ne5 26. Qc2 f3 27. gxf3 Qf6 28. f4 Bf5 29. Qa4+ Kb6 30. Bc6+ Kc7 31. Rxb7+ Kd6 32. fxe5+ Kxe5 33. Nf7+ Kf4 34. d6 Qg6 35. Re7 Rb8 36. Qd1 Rb1 37. Qxb1 Bxb1 38. Re1 Bf5 39. Bd5 Qh7 40. Re7 Qg6 41. Re1 h5 42. a3 h4 43. Nd8 Qxd6 44. Rf1+ Ke3 45. Nf7 Qf6 46. Rf3+ Ke2 47. h3 Qb6 48. Ne5 Qb1+ 49. Kg2 0-1

[Event "New York op"]
[Site "New York USA"]
[Date "2000.05.09"]
[Round "7"]
[White "Ardaman, Miles"]
[Black "Hebert, Jean"]
[Result "1-0"]
[WhiteElo "2335"]
[BlackElo "2462"]
[PlyCount "103"]
[GameId "2129405156043919"]
[EventDate "2000.05.05"]
[EventType "swiss"]
[EventRounds "9"]
[EventCountry "USA"]
[SourceTitle "The Week in Chess 288"]
[Source "Mark Crowther"]
[SourceDate "2000.05.15"]
[SourceVersion "1"]
[SourceVersionDate "2000.05.15"]
[SourceQuality "2"]

1. e4 c5 2. Nc3 Nc6 3. g3 g6 4. Bg2 Bg7 5. d3 d6 6. Nge2 e5 7. a3 Nge7 8. Rb1 O-O 9. b4 b6 10. O-O Nd4 11. f4 Be6 12. bxc5 dxc5 13. fxe5 Bxe5 14. Bh6 Bg7 15. Bxg7 Kxg7 16. Nf4 Qd7 17. Qd2 Rad8 18. Rf2 f6 19. Rbf1 Qd6 20. e5 fxe5 21. Ne4 Qd7 22. Nxe6+ Nxe6 23. Bh3 Nf5 24. Bxf5 gxf5 25. Rxf5 Qe7 26. Rxe5 Rxf1+ 27. Kxf1 Rf8+ 28. Kg2 Qf7 29. Kh3 Nd4 30. Ng5 Qd7+ 31. g4 h6 32. Qe3 Kg8 33. Re7 Qd5 34. Qe4 Qxe4 35. Nxe4 a5 36. c3 Ne2 37. Kh4 Rf3 38. Kh5 Kf8 39. Rd7 Ke8 40. Rd6 Rh3+ 41. Kg6 Nf4+ 42. Kh7 c4 43. dxc4 Re3 44. Nf6+ Ke7 45. Rxb6 Rxc3 46. Nd5+ Nxd5 47. cxd5 Rxa3 48. Rxh6 Rd3 49. g5 Rxd5 50. g6 Rg5 51. Rh3 a4 52. g7 1-0